New Challenges for International Business Research

I tiakina i:
Ngā taipitopito rārangi puna kōrero
Kaituhi matua: John H. Dunning
Hōputu: Pukapuka
I whakaputaina: Edward Elgar
Ngā Tūtohu: Tāpirihia he Tūtohu
Kāore He Tūtohu, Me noho koe te mea tuatahi ki te tūtohu i tēnei pūkete!

MARC

LEADER 00000nam a2200000Ia 4500
005 20260513122055.0
020 |a 9781848448322 
100 |a John H. Dunning 
365 |c £ 
365 |b 28.00 
942 |c BK 
245 |a New Challenges for International Business Research 
260 |b Edward Elgar 
999 |c 131  |d 131 
952 |0 0  |1 0  |4 0  |7 0  |a UNSW  |b UNSW  |d 2026-05-06  |g 164.00  |i 16683  |l 0  |p 000109  |r 2026-05-13 12:20:55  |v 164.00  |w 2026-05-13  |y BK